18 Most Famous Cities in Paraguay on a Map - Statistics

General Stats
  • This quiz has been taken 42 times
  • The average score is 4 of 18
Answers on the Map
Answers color-coded by a green-red scale on the quiz's map according to % correct below.
 
Answer Stats
Wiki Monthly Views Cityquiz Mention Rate Population Answers % Correct
56.56K 36.84% 462.24K Asunción
100%
15.50K 3.33% 325.82K Ciudad del Este
60%
7.43K 1.18% 84.32K Encarnación
37%
4.89K 2.47% 225.40K San Lorenzo
30%
3.47K 2.33% 59.37K Concepción
27%
7.47K 0.78% 259.70K Luque
23%
2.75K 0.40% 64.79K Caaguazú
20%
5.49K 0.41% 114.94K Pedro Juan Caballero
17%
3.67K 0.11% 70.30K Areguá
13%
3.23K 0.11% 30.53K Caacupé
13%
2.86K 0.80% 237.00K Capiatá
13%
2.58K 0.19% 67.31K Coronel Oviedo
13%
2.89K 0.31% 110.25K Fernando de la Mora
13%
2.81K 0.52% 15.51K Filadelfia
13%
3.06K 0.10% 67.69K Itauguá
10%
4.01K 0.24% 44.83K Villarrica
10%
4.10K - 4.33K Nueva Germania
7%
2.49K 0.12% 17.33K Salto del Guairá
7%
No matching quizzes found
Score Distribution
Percent of People with Each Score
Percentile by Number Answered
Your Score History
You have not taken this quiz